000 00444nam a2200181Ia 4500
001 9030
005 20260306160653.0
008 260306t2008||||xx |||||||||||||| ||spa||
041 _aESP
082 _a372.372
_bA32
100 _aAguirre, Elina
_eAUT
245 0 _aLa sexualidad y los niños:
_bensayando intervenciones
260 _c2008
300 _a134 páginas :
_c22 cm.
650 _aGEN
654 _aCED
942 _cLIB
_dJUS
_fJUS
_2ddc
_n
999 _c9030
_d9030